[Event "Tourn. n8657"]
[Site "www.chess-mail.com"]
[Date "2016.04.16"]
[Round "1"]
[White "Falcoale"]
[Black "Cal"]
[WhiteElo "1730"]
[BlackElo "1770"]
[Result "1-0"]
[Round "1"]
1.e4 e5
2.Ng1f3 d6
3.h3 h6
4.Bf1c4 Ng8f6
5.d3 Bf8e7
6.a3 O-O
7.O-O c6
8.Nf3h2 d5
9.exd5 cxd5
10.Bc4a2 Bc8e6
11.b4 b5
12.Bc1b2 Nb8c6
13.Rf1e1 a5
14.Nh2f3 a4
15.Nf3xe5 d4
16.Ne5xc6 Qd8d7
17.Nc6xe7 Qd7xe7
18.Bb2xd4 Nf6h7
19.Qd1e2 Ra8e8
20.Bd4e3 Be6xa2
21.Ra1xa2 f5
22.Qe2d2 Qe7f7
23.Ra2a1 Qf7g6
24.Nb1c3 Nh7f6
25.Be3c5 Re8xe1
26.Qd2xe1 Rf8e8
27.Qe1d2 Nf6h5
28.Nc3d5 Re8e5
29.Nd5e7 Re5xe7
30.Bc5xe7 f4
31.Ra1e1 Qg6f5
32.Be7c5 Nh5f6
33.Qd2e2 h5
34.Bc5d4 h4
35.Bd4xf6 Qf5xf6
36.Qe2e6 { resign }
1-0

[Event "Tourn. n8719"]
[Site "www.chess-mail.com"]
[Date "2016.04.16"]
[Round "1"]
[White "Sorren"]
[Black "Vitoriccardo"]
[WhiteElo "1930"]
[BlackElo "1960"]
[Result "1-0"]
[Round "1"]
1.e4 e5
2.Ng1f3 Nb8c6
3.Bf1c4 Ng8f6
4.Nf3g5 d5
5.exd5 Nc6a5
6.Bc4b5 c6
7.dxc6 bxc6
8.Bb5a4 Nf6d5
9.d3 h6
10.Ng5f3 Bc8g4
11.O-O Bf8c5
12.a3 O-O
13.b4 Nd5xb4
14.axb4 Bc5xb4
15.Bc1d2 Bg4xf3
16.Qd1xf3 Qd8b6
17.Bd2e3 Bb4c5
18.Nb1d2 Ra8c8
19.Rf1b1 { resign }
1-0

[Event "Tourn. n8676"]
[Site "www.chess-mail.com"]
[Date "2016.04.16"]
[Round "1"]
[White "Tonino1"]
[Black "George1955"]
[WhiteElo "2270"]
[BlackElo "2770"]
[Result "0-1"]
[Round "1"]
1.d4 Ng8f6
2.Ng1f3 d5
3.e3 e6
4.Bf1d3 c5
5.b3 Nb8c6
6.a3 cxd4
7.exd4 Bf8d6
8.Bc1b2 O-O
9.Nb1d2 b6
10.Nf3e5 Bc8b7
11.O-O Ra8c8
12.f4 Nc6e7
13.g4 Nf6e4
14.Qd1e1 f6
15.Ne5f3 f5
16.g5 Bd6xf4
17.c4 Ne7g6
18.h4 Qd8c7
19.Ra1c1 Ne4xd2
20.Nf3xd2 Bf4xd2
21.Qe1xd2 Qc7g3
 { time }
0-1

[Event "Tourn. n8726"]
[Site "www.chess-mail.com"]
[Date "2016.04.16"]
[Round "1"]
[White "Bojan"]
[Black "Hundegana"]
[WhiteElo "1910"]
[BlackElo "1880"]
[Result "1-0"]
[Round "1"]
1.c4 f5
2.b4 e5
3.Bc1b2 Bf8xb4
4.Bb2xe5 Ng8f6
5.Qd1b3 Bb4c5
6.d4 Bc5e7
7.c5 Nb8c6
8.f4 Nc6xe5
9.fxe5 Nf6e4
10.g3 b6
11.c6 dxc6
12.e3 a5
13.Ng1e2 Be7b4
14.Nb1c3 Qd8g5
15.Kd1 Ne4f2
16.Kc2 Nf2xh1
17.Bf1g2 Ke7
18.Bg2xc6 Qg5xe3
19.Nc3d5 Kd8
20.Nd5xe3 Nh1f2
21.Bc6xa8 Rh8e8
22.Qb3d5 Bc8d7
23.Ne2f4 Re8e7
24.Ba8c6 Nf2g4
25.Ne3xg4 fxg4
26.Bc6xd7 Re7xd7
27.Qd5a8 Ke7
28.d5 g5
29.a3 Bb4c5
30.Nf4d3 Bc5g1
31.Ra1xg1 { resign }
1-0

[Event "Tourn. n8665"]
[Site "www.chess-mail.com"]
[Date "2016.04.16"]
[Round "1"]
[White "Fred"]
[Black "Roserl"]
[WhiteElo "2040"]
[BlackElo "1920"]
[Result "0-1"]
[Round "1"]
1.e4 c5
2.f4 Nb8c6
3.Ng1f3 d6
4.c3 Ng8f6
5.e5 dxe5
6.Bf1b5 Bc8d7
7.Bb5xc6 Bd7xc6
8.fxe5 Nf6d5
9.d4 e6
10.O-O cxd4
11.cxd4 Bf8e7
12.Bc1d2 O-O
13.Nb1c3 a6
14.Nc3xd5 Qd8xd5
15.Qd1c2 Ra8c8
16.Bd2c3 b5
17.a3 Bc6b7
18.Qc2f2 Rc8c4
19.Qf2g3 Be7d8
20.Bc3b4 Rf8e8
21.Bb4c5 Bd8e7
22.Bc5xe7 Re8xe7
23.Ra1d1 Re7d7
24.Qg3g4 Rc4c2
25.Rd1d2 Rc2xd2
26.Nf3xd2 Qd5xd4
27.Kh1 Qd4xg4
{ resign }
0-1

[Event "Tourn. n8716"]
[Site "www.chess-mail.com"]
[Date "2016.04.16"]
[Round "1"]
[White "Mitja"]
[Black "Derfel83"]
[WhiteElo "1890"]
[BlackElo "1950"]
[Result "0-1"]
[Round "1"]
1.d4 e6
2.e3 Ng8f6
3.Ng1f3 b6
4.c3 c5
5.dxc5 bxc5
6.Bf1e2 d5
7.Nb1d2 Bc8a6
8.Qd1a4 Qd8d7
9.Qa4d1 Bf8d6
10.Nd2b3 Ba6xe2
11.Qd1xe2 Nb8c6
12.h3 O-O
13.O-O Ra8b8
14.Nb3d2 a5
15.Rf1d1 Rf8e8
16.Nd2f1 Nf6e4
17.Nf1d2 f5
18.Nd2f1 Bd6e7
19.Qe2c2 Be7f6
20.Nf3d2 Bf6h4
21.Nd2xe4 fxe4
22.b3 Re8f8
23.Rd1d2 Nc6e5
24.Bc1b2 Ne5d3
25.g3 Qd7f7
26.gxh4 Qf7f5
27.Nf1g3 Qf5xh3
28.Ra1f1 Nd3e5
29.f4 Qh3xg3
30.Kh1 Qg3h3
31.Rd2h2 Qh3xf1

0-1

[Event "Tourn. n8676"]
[Site "www.chess-mail.com"]
[Date "2016.04.16"]
[Round "1"]
[White "Rons"]
[Black "Tonino1"]
[WhiteElo "2560"]
[BlackElo "2250"]
[Result "1-0"]
[Round "1"]
1.e4 c5
2.Ng1f3 d6
3.d4 cxd4
4.Nf3xd4 Ng8f6
5.Nb1c3 g6
6.Bc1e3 Bf8g7
7.f3 O-O
8.Qd1d2 Rf8e8
9.O-O-O Nb8c6
10.g4 Nc6xd4
11.Be3xd4 Bc8e6
12.h4 Qd8a5
13.h5 Ra8c8
14.a3 a6
15.Kb1 b5
16.h6 Bg7h8
17.g5 Nf6h5
18.Bd4xh8 Kxh8
19.Qd2d4 f6
20.Rh1xh5 gxh5
21.gxf6  { time }
1-0

[Event "Tourn. n8631"]
[Site "www.chess-mail.com"]
[Date "2016.04.16"]
[Round "1"]
[White "Starwind"]
[Black "Gearoidmac"]
[WhiteElo "2470"]
[BlackElo "2299"]
[Result "1-0"]
[Round "1"]
1.d4 e6
2.e4 d5
3.Nb1c3 Bf8b4
4.e5 c5
5.a3 Bb4xc3
6.bxc3 Ng8e7
7.Qd1g4 Qd8c7
8.Qg4xg7 Rh8g8
9.Qg7xh7 cxd4
10.Ng1e2 Nb8c6
11.f4 dxc3
12.Qh7d3 Bc8d7
13.Qd3xc3 O-O-O
14.Ra1b1 Ne7f5
15.Rh1g1 d4
16.Qc3d3  { time }
1-0

[Event "Tourn. n8570"]
[Site "www.chess-mail.com"]
[Date "2016.04.16"]
[Round "1"]
[White "Roque1"]
[Black "Bigrezi"]
[WhiteElo "1820"]
[BlackElo "1760"]
[Result "0-1"]
[Round "1"]
1.e4 c5
2.Ng1f3 d6
3.d4 cxd4
4.Nf3xd4 Ng8f6
5.Nb1c3 a6
6.Bf1e2 Nb8d7
7.Bc1g5 g6
8.O-O Bf8g7
9.a4 O-O
10.b4 Nd7e5
11.Bg5xf6 Bg7xf6
12.Nc3d5 Bf6g7
13.f4 Ne5c6
14.c3 Bc8d7
15.Ra1a2 e6
16.Nd5e3 Ra8c8
17.Qd1d3 Qd8c7
18.Be2f3 Nc6xd4
19.cxd4 b5
20.a5 Bd7c6
21.d5 exd5
22.Ne3xd5 Bc6xd5
23.exd5 Qc7e7
24.Ra2e2 Qe7f6
25.Rf1e1 Bg7h6
26.g3 g5
27.Bf3e4 Rc8c3
28.Be4xh7 Kh8
29.Qd3e4 Rc3c4
30.Qe4b1 Qf6d4
31.Kh1 Qd4xd5
32.Bh7e4 Qd5d4
33.Re1d1 Qd4f6
34.f5 Rf8c8
35.Be4b7 Rc8d8
36.Bb7xa6 Rd8b8
37.Rd1d5 g4
38.Ba6xb5 Rc4c1
39.Qb1xc1 Bh6xc1
40.a6 Qf6a1
41.Re2e1 Qa1c3
42.Rd5d3 Qc3xe1
{ resign }
0-1

[Event "Tourn. n8696"]
[Site "www.chess-mail.com"]
[Date "2016.04.16"]
[Round "1"]
[White "Cal"]
[Black "Chessexpert"]
[WhiteElo "1610"]
[BlackElo "1440"]
[Result "0-1"]
[Round "1"]
1.c4 d6
2.h3 e5
3.e4 Nb8c6
4.Ng1f3 Bf8e7
5.a3 Ng8f6
6.d3 O-O
7.Nb1c3 Rf8e8
8.b4 a6
9.Bc1g5 Bc8e6
10.Bf1e2 h6
11.Bg5xf6 Be7xf6
12.O-O Qd8d7
13.Nf3h2 Nc6d4
14.Be2g4 Be6xg4
15.Nc3d5 Bg4xd1
16.Ra1xd1 Bf6d8
17.f4 c6
18.f5 cxd5
19.cxd5 Bd8b6
20.Kh1 Ra8c8
21.f6 g6
22.Nh2g4 Nd4e2
23.Rf1f3 Kh7
24.Rd1d2 Rc8c1
25.Kh2 Bb6g1
26.Kh1 Bg1e3
27.Kh2 Be3xd2
{ resign }
0-1

[Event "Tourn. n8652"]
[Site "www.chess-mail.com"]
[Date "2016.04.16"]
[Round "1"]
[White "Redabond"]
[Black "Jjmcbride"]
[WhiteElo "1570"]
[BlackElo "1630"]
[Result "0-1"]
[Round "1"]
1.d4 d5
2.Bc1f4 e6
3.Nb1c3 g5
4.Bf4e5 f6
5.Be5g3 Nb8c6
6.Nc3b5 e5
7.dxe5 Nc6xe5
8.Bg3xe5 fxe5
9.Ng1f3 c6
10.Nb5c3 Qd8e7
11.e4 d4
12.Nc3e2 g4
13.Nf3d2 Bc8e6
14.f3 h5
15.fxg4 hxg4
16.Ne2g3 O-O-O
17.Bf1c4 Bf8h6
18.Bc4xe6 Qe7xe6
19.Ng3f5 Ng8e7
20.Qd1xg4 Bh6xd2
21.Kxd2 Ne7xf5
22.Qg4xf5 Qe6d7
23.Qf5xe5 Rh8e8
24.Qe5f5 Re8e6
25.Ra1e1 d3
26.c3 Qd7e7
27.Rh1f1 a5
28.Qf5f7 Qe7g5
29.Qf7f4 Qg5xg2
30.Rf1f2 Qg2g8
31.Re1g1 Qg8xg1
32.Qf4f5 Rd8e8
33.Kxd3 Qg1d1
34.Kc4 b5
35.Kc5 Qd1d6
36.Kb6 Qd6b8
37.Ka6 Qb8b7
{ resign }
0-1

[Event "Match"]
[Site "www.echecsemail.com"]
[Date "2016.04.16"]
[Round "1"]
[White "Elogic"]
[Black "Caspito"]
[WhiteElo "1850"]
[BlackElo "1720"]
[Result "0-1"]
[Round "1"]
1.Ng1f3 Nb8c6
2.d4 d5
3.Nb1c3 Ng8f6
4.e3 Bc8g4
5.Bf1e2 e5
6.dxe5 Bg4xf3
7.Be2xf3 Nc6xe5
8.Nc3xd5 Ne5xf3
9.Qd1xf3 Qd8xd5
10.Qf3xd5 Nf6xd5
11.c4 Nd5b4
12.O-O O-O-O
13.a3 Nb4d3
14.Ra1a2 Nd3xc1
15.Rf1xc1 Rd8d2
16.Kf1 Bf8c5
17.Rc1c3 Rh8d8
18.g3 h5
19.Kg2 Rd2e2
20.Rc3c1 Bc5xe3
21.Kf3 Be3xc1
22.Kxe2 Rd8d2
23.Ke1 Rd2xb2
24.Ra2xb2 Bc1xb2
25.a4 b6
26.Kd2 Bb2d4
27.f3 a6
28.Kd3 c5
29.Ke4 Kd7
30.f4 Kd6
31.h3 g6
32.h4 f6
33.f5 g5
34.g4 gxh4
35.gxh5 Ke7
36.Kf3 Bd4e5
37.Kg4 Be5g3
38.h6 Kf7
39.Kh5 Bg3f2
40.Kg4 Kg8
41.Kh5 Kh7
42.Kg4 Kxh6
43.Kf3 Bf2e1
44.Kg2 Kg5
{ resign }
0-1

[Event "Match"]
[Site "www.echecsemail.com"]
[Date "2016.04.16"]
[Round "1"]
[White "Genius7"]
[Black "Whitekknight"]
[WhiteElo "1780"]
[BlackElo "1920"]
[Result "1/2-1/2"]
[Round "1"]
1.d4 d5
2.c4 e6
3.Nb1c3 Bf8b4
4.e3 c5
5.Ng1f3 Ng8f6
6.dxc5 Bb4xc5
7.cxd5 exd5
8.Bf1e2 Bc8e6
9.O-O a6
10.b3 Nb8c6
11.Bc1b2 h6
12.Ra1c1 O-O
13.Nc3a4 Bc5e7
14.Na4c5 Be7xc5
15.Rc1xc5 Nf6e4
16.Rc5c1 Ra8c8
17.Nf3d4 Nc6xd4
18.Qd1xd4 Ne4f6
19.Be2f3 Rc8c6
20.Rc1xc6 bxc6
21.Rf1c1 Qd8d6
22.Qd4c5 Qd6xc5
23.Rc1xc5 Rf8c8
24.Bb2xf6 gxf6
25.h3 Be6d7
26.Kf1 { draw }
1/2-1/2

[Event "Match"]
[Site "www.echecsemail.com"]
[Date "2016.04.16"]
[Round "1"]
[White "Ituchess"]
[Black "Fangshuo"]
[WhiteElo "1809"]
[BlackElo "2130"]
[Result "0-1"]
[Round "1"]
1.e4 e6
2.d4 d5
3.Nb1c3 Bf8b4
4.e5 c5
5.a3 Bb4a5
6.b4 cxb4
7.Nc3b5 Nb8c6
8.Bc1d2 Ng8e7
9.Nb5d6 Kf8
10.axb4 Ba5c7
11.Nd6xc8 Qd8xc8
12.Ng1f3 Ne7f5
13.c3 a5
14.b5 Nc6e7
15.Bf1e2 g6
16.Bd2g5 Ne7g8
 { time }
0-1

[Event "Match"]
[Site "www.echecsemail.com"]
[Date "2016.04.16"]
[Round "1"]
[White "Jaguar91"]
[Black "Geodad5"]
[WhiteElo "2120"]
[BlackElo "2160"]
[Result "1-0"]
[Round "1"]
1.e4 e5
2.f4 d6
3.Ng1f3 Bc8g4
4.Bf1c4 h6
5.Nb1c3 Nb8c6
6.fxe5 Nc6xe5
7.Nf3xe5 Bg4xd1
8.Bc4xf7 Ke7
9.Nc3d5 { resign }
1-0

[Event "Match"]
[Site "www.echecsemail.com"]
[Date "2016.04.16"]
[Round "1"]
[White "Fangshuo"]
[Black "Difficult"]
[WhiteElo "2120"]
[BlackElo "1890"]
[Result "1-0"]
[Round "1"]
1.e4 e5
2.Ng1f3 d6
3.Bf1c4 Bf8e7
4.d4 exd4
5.Qd1xd4 Be7f6
6.Qd4d5 Qd8e7
7.Bc1g5 c6
8.Bg5xf6 Ng8xf6
9.Qd5d4 Qe7xe4
10.Qd4xe4 Nf6xe4
11.O-O d5
12.Bc4d3 O-O
13.Bd3xe4 dxe4
14.Nf3g5 f5
15.Nb1c3 h6
16.Ng5h3 Nb8d7
17.Nh3f4 Nd7e5
18.b3 g5
19.Nf4e2 Bc8e6
20.Ne2d4 Be6d5
21.Nc3xd5 cxd5
22.Nd4e6 Rf8e8
23.Ne6c7 { resign }
1-0

[Event "1/64 Finale"]
[Site "www.chess-mail.com"]
[Date "2016.04.16"]
[Round "1"]
[White "Jose"]
[Black "Bevittsmith"]
[WhiteElo "2730"]
[BlackElo "2330"]
[Result "1-0"]
[Round "1"]
1.Ng1f3 Ng8f6
2.b3 d5
3.Bc1b2 g6
4.e3 Bf8g7
5.d4 O-O
6.Nb1d2 c6
7.Bf1d3 b6
8.c4 Bc8a6
9.O-O Nb8d7
10.Qd1e2 e6
11.b4 dxc4
12.Nd2xc4 c5
13.dxc5 bxc5
14.a3 cxb4
15.axb4 Ba6xc4
16.Bd3xc4 Nd7b6
17.Bc4b5 Nf6d5
18.Bb2xg7 Kxg7
19.e4 Nd5c7
20.Bb5c6 { resign }
1-0

[Event "1/128 Finale"]
[Site "www.chess-mail.com"]
[Date "2016.04.16"]
[Round "1"]
[White "Drawmaster"]
[Black "Piekki"]
[WhiteElo "1670"]
[BlackElo "1990"]
[Result "0-1"]
[Round "1"]
1.d4 Ng8f6
2.c4 e6
3.Nb1c3 Bf8b4
4.Bc1d2 c5
5.e3 cxd4
6.exd4 d5
7.Ng1f3 Nb8c6
8.cxd5 exd5
9.Bf1b5 O-O
10.O-O Bc8g4
11.Bb5xc6 bxc6
12.h3 Bg4h5
13.Rf1e1 Qd8d6
14.a3 Bb4a5
15.Qd1a4 Ba5c7
16.g4 Bh5g6
17.Nf3e5 c5
18.Nc3b5 Qd6b6
19.Nb5xc7 Qb6xc7
20.dxc5 Nf6e4
21.Ne5xg6 fxg6
22.Bd2e3 Rf8f3
23.Kg2 Ra8f8
24.b4 Rf3xf2
25.Be3xf2 Rf8xf2
{ resign }
0-1

[Event "Tourn. n8610"]
[Site "www.chess-mail.com"]
[Date "2016.04.17"]
[Round "1"]
[White "Tomcapp"]
[Black "Cal"]
[WhiteElo "1550"]
[BlackElo "1600"]
[Result "0-1"]
[Round "1"]
1.e4 e5
2.d4 exd4
3.Qd1xd4 Nb8c6
4.Qd4c4 Ng8f6
5.Bc1g5 d6
6.Bg5xf6 Qd8xf6
7.Ng1f3 Bc8e6
8.Qc4c3 Bf8e7
9.Qc3xf6 Be7xf6
10.c3 O-O
11.a4 a6
12.b4 b6
13.a5 b5
14.Bf1d3 h6
15.Nb1d2 Bf6xc3
16.Ra1c1 Bc3xd2
17.Kxd2 Nc6xb4
18.h3 c5
19.g4 c4
20.Bd3b1 d5
21.exd5 Nb4xd5
22.Nf3e5 Ra8c8
23.g5 c3
24.Kc2 b4
25.Ne5d3 h5
26.Nd3e5 Rc8c7
27.Rh1f1 Be6xh3
28.Rf1e1 Bh3f5
29.Kb3 Bf5e6
30.Kc2 Nd5f4
31.g6 f6
32.Ne5d3 b3
33.Kd1 Be6g4
34.f3 Bg4xf3
35.Re1e2 Bf3xe2
36.Ke1 Rf8e8
37.Nd3xf4 Be2d3
38.Kf2 c2
39.Bb1xc2 bxc2
40.Nf4xd3 Re8e6
41.Nd3f4 Re6e5
42.Nf4d3 Re5g5
43.Nd3b4 Rg5xa5
44.Ke2 Rc7c4
45.Nb4d3 Ra5g5
46.Kf3 Rg5xg6
47.Rc1a1 h4
48.Ra1xa6 Rg6g3
49.Kf2 Rg3xd3
50.Ra6a8 Kh7
51.Ra8a1 f5
52.Ra1c1 g5
53.Ke2 Rd3h3
54.Rc1f1 f4
55.Rf1g1 Kh6
56.Kf2 Rc4c3
57.Ke2 Rh3h2
58.Kf1 c1Q
{ resign }
0-1

[Event "Tourn. n8674"]
[Site "www.chess-mail.com"]
[Date "2016.04.17"]
[Round "1"]
[White "Piekki"]
[Black "Joseph1983"]
[WhiteElo "2020"]
[BlackElo "2140"]
[Result "1-0"]
[Round "1"]
1.e4 c5
2.Ng1f3 e6
3.d4 cxd4
4.Nf3xd4 Nb8c6
5.Nb1c3 Bf8c5
6.Nd4b3 Bc5e7
7.Bf1d3 Ng8f6
8.O-O O-O
9.Rf1e1 d6
10.f4 Qd8b6
11.Kh1 Rf8d8
12.e5 dxe5
13.fxe5 Nf6d5
14.Qd1h5 g6
15.Qh5f3 Nc6b4
16.Nc3e4  { time }
1-0

[Event "Tourn. n8673"]
[Site "www.chess-mail.com"]
[Date "2016.04.17"]
[Round "1"]
[White "Bojan"]
[Black "Difficult"]
[WhiteElo "2070"]
[BlackElo "1890"]
[Result "0-1"]
[Round "1"]
1.e4 c6
2.d4 d5
3.exd5 cxd5
4.Nb1c3 Ng8f6
5.Ng1f3 g6
6.h3 Bf8g7
7.Nf3e5 O-O
8.Bf1d3 Nb8d7
9.Bc1f4 Nd7b6
10.Qd1f3 a6
11.Ne5g4 Bc8xg4
12.hxg4 Ra8c8
13.Qf3h3 Qd8d7
14.Kf1 Nb6c4
15.Ra1b1 b5
16.f3 Nc4xb2
17.Rb1xb2 Rc8xc3
18.Bf4g5 Rf8c8
19.Bg5xf6 Bg7xf6
20.Qh3xh7 Kf8
21.Qh7h6 Bf6g7
22.Qh6f4 Qd7c7
23.Qf4e3 Qc7d6
24.Kf2 Qd6b6
25.Rb2b4 Qb6a7
26.a4 Rc8c4
27.Rb4b2 Bg7xd4
{ resign }
0-1

[Event "Tourn. n8716"]
[Site "www.chess-mail.com"]
[Date "2016.04.17"]
[Round "1"]
[White "Mitja"]
[Black "Estonia"]
[WhiteElo "1890"]
[BlackElo "1990"]
[Result "1-0"]
[Round "1"]
1.d4 Ng8f6
2.e3 e6
3.Ng1f3 d5
4.c3 c5
5.dxc5 Bf8xc5
6.Nb1d2 Nb8c6
7.Nd2b3 O-O
8.Nb3xc5 Qd8d6
9.Nc5b3 b6
10.Nf3d4 Nc6xd4
11.Nb3xd4 Bc8d7
12.h3 e5
13.Nd4f3 Rf8d8
14.Bf1e2 e4
15.Nf3d4 Ra8c8
16.Be2a6 Rc8c7
17.Ba6b5 Qd6e5
18.Bb5xd7 Rd8xd7
19.Nd4b5 Rc7c8
20.Nb5d4 Qe5g5
21.O-O Nf6e8
22.Qd1e2 Qg5g6
23.Qe2b5 Rd7d6
24.b3 Ne8c7
25.Qb5e2 Rd6f6
26.Bc1b2 a6
27.Ra1d1 b5
28.a3 Qg6g5
29.f4 Qg5g3
30.Rd1d2 Rf6h6
31.Nd4f5 Qg3g6
32.Nf5e7 { resign }
1-0

[Event "Tourn. n8606"]
[Site "www.chess-mail.com"]
[Date "2016.04.17"]
[Round "1"]
[White "Elogic"]
[Black "Sontuozio"]
[WhiteElo "2230"]
[BlackElo "2220"]
[Result "0-1"]
[Round "1"]
1.e3 d5
2.c4 c6
3.cxd5 cxd5
4.Nb1c3 Ng8f6
5.Ng1f3 e6
6.Bf1b5 Bc8d7
7.Bb5xd7 Nb8xd7
8.d4 Bf8b4
9.Bc1d2 O-O
10.O-O Bb4xc3
11.Bd2xc3 Nf6e4
12.Qd1e1 Nd7f6
13.Nf3e5 Ra8c8
14.Ra1c1 Nf6d7
15.Ne5xd7 Qd8xd7
16.Bc3b4 Rf8e8
17.Rc1xc8 Re8xc8
18.f3 Ne4d6
19.Bb4xd6 Qd7xd6
20.a3 Qd6c6
21.Rf1f2 Kf8
22.h4 Qc6c4
23.g4 Ke7
24.f4 Qc4c1
25.Qe1xc1 Rc8xc1
26.Kg2 a5
27.Kf3 a4
28.g5 g6
29.Ke2 Kd6
30.Kd3 Rc1h1
31.Rf2c2 Rh1xh4
32.Rc2c8 h5
33.Rc8d8 Kc6
34.Rd8f8 Rh4h2
35.Kc3 Rh2e2
36.Rf8xf7 Re2xe3
37.Kd2 Re3g3
38.Rf7f6 Kd6
39.Rf6xg6 Rg3f3
40.Rg6f6 Ke7
41.Ke2 Rf3b3
42.Rf6h6 Rb3xb2
43.Kf1 b5
44.Rh6xh5 b4
45.Rh5h7 Kf8
46.Rh7a7 bxa3
47.Ra7xa4 a2
{ resign }
0-1

[Event "Tourn. n8659"]
[Site "www.chess-mail.com"]
[Date "2016.04.17"]
[Round "1"]
[White "Elogic"]
[Black "Osopanda"]
[WhiteElo "1960"]
[BlackElo "2060"]
[Result "1-0"]
[Round "1"]
1.f4 d6
2.e4 g6
3.Ng1f3 Bf8g7
4.h4 c5
5.c3 Nb8c6
6.g3 e6
7.d3 Ng8e7
8.Bc1e3 O-O
9.g4 f5
10.gxf5 exf5
11.exf5 Ne7xf5
12.Be3f2 Rf8e8
13.Bf1e2 Bc8e6
14.Qd1c2 b6
15.h5 d5
16.Nb1d2 d4
17.c4 Nf5e3
18.Bf2xe3 dxe3
19.Nd2e4 Nc6d4
20.Nf3xd4 cxd4
21.hxg6 hxg6
22.Ne4g5 Be6f5
23.O-O-O Ra8c8
24.Qc2b3 Bf5e6
25.Ng5xe6 Re8xe6
26.Be2g4 Qd8d6
27.Bg4xe6 Qd6xe6
28.Rd1e1 e2
29.Rh1h2 Qe6e3
30.Kb1 Qe3xf4
31.Rh2xe2 Bg7h6
32.c5 Kh7
33.Re2e7 Kh8
34.Re7e8 Rc8xe8
35.Re1xe8 Kg7
36.Qb3g8 Kf6
37.Qg8h8 { resign }
1-0

[Event "Tourn. n8694"]
[Site "www.chess-mail.com"]
[Date "2016.04.17"]
[Round "1"]
[White "Cal"]
[Black "Genius1"]
[WhiteElo "1660"]
[BlackElo "1500"]
[Result "1-0"]
[Round "1"]
1.c4 f5
2.Ng1f3 Ng8f6
3.e3 g6
4.d3 Bf8g7
5.Nb1c3 d6
6.Bf1e2 e5
7.h3 O-O
8.O-O Nb8c6
9.a3 Qd8e7
10.Nf3h2 Bc8e6
11.f3 Ra8d8
12.b4 a6
13.b5 axb5
14.cxb5 Nc6a5
15.a4 b6
16.e4 Na5b3
17.Ra1b1 Nb3d4
18.Bc1g5 h6
19.Bg5h4 g5
20.Bh4f2 Nd4xe2
21.Nc3xe2 f4
22.d4 Be6c4
23.Rf1e1 Bc4xe2
24.Re1xe2 exd4
25.Qd1xd4 Nf6g4
26.Nh2xg4 Bg7xd4
27.Bf2xd4 Kh7
28.e5 dxe5
29.Re2xe5 Qe7d7
30.Rb1d1 Rf8e8
31.Ng4f6 { resign }
1-0

[Event "Tourn. n8699"]
[Site "www.chess-mail.com"]
[Date "2016.04.17"]
[Round "1"]
[White "Cal"]
[Black "Daquata"]
[WhiteElo "1610"]
[BlackElo "1680"]
[Result "0-1"]
[Round "1"]
1.d4 Ng8f6
2.e3 d5
3.h3 e6
4.a3 c5
5.dxc5 Bf8xc5
6.Nb1c3 Nb8c6
7.Bc1d2 O-O
8.Ng1f3 Qd8c7
9.Bf1d3 e5
10.e4 dxe4
11.Bd3xe4 Nf6xe4
12.Bd2e3 Ne4xc3
13.bxc3 Bc5xe3
14.fxe3 Bc8f5
15.O-O Rf8d8
16.Qd1e2 Nc6a5
17.Nf3g5 Bf5g6
18.e4 Qc7xc3
19.Ng5f3 Ra8c8
20.Kh1 Qc3xc2
21.Qe2e3 Na5c6
22.Qe3g5 Qc2xe4
23.Ra1e1 Qe4f5
24.Qg5h4 Qf5h5
25.Qh4g3 Rd8e8
26.Nf3g5 h6
27.Ng5f3 e4
28.Nf3h4 Bg6h7
29.Re1e3 Qh5b5
30.Qg3g4 Qb5xf1
31.Kh2 Rc8d8
32.Qg4g3 Rd8d3
33.Re3xd3 Qf1xd3
34.Qg3g4 e3
35.Nh4f3 e2
36.Nf3e1 Qd3d1
37.Ne1f3 e1Q
38.Nf3xe1 Qd1xg4
39.hxg4 Re8xe1
{ resign }
0-1

[Event "Tourn. n8658"]
[Site "www.chess-mail.com"]
[Date "2016.04.17"]
[Round "1"]
[White "Comrade"]
[Black "Prize64"]
[WhiteElo "2120"]
[BlackElo "2149"]
[Result "0-1"]
[Round "1"]
1.c4 Ng8f6
2.Nb1c3 g6
3.d4 Bf8g7
4.e4 d6
5.Bf1e2 O-O
6.Ng1f3 e5
7.dxe5 dxe5
8.Qd1xd8 Rf8xd8
9.Nf3xe5 c6
10.f3 Nb8a6
11.O-O Nf6xe4
12.Nc3xe4 Bg7xe5
13.Ne4c3 Rd8e8
14.Rf1e1 Na6b4
15.Be2d1 Be5xh2
16.Kxh2 Re8xe1
17.Bc1d2 Re1f1
18.Nc3e4 Bc8f5
19.Ne4g3 Nb4c2
20.Ng3xf1 Nc2xa1
21.Bd2c3 Ra8e8
22.Nf1g3 Bf5d3
23.Ng3e4 Bd3xe4
24.fxe4 Re8xe4
25.b3 Re4e3
26.Bc3b4 b6
27.c5 b5
28.Kg1 Re3d3
29.Bd1e2 Rd3d7
30.Be2f3 Na1c2
31.Bb4c3 Rd7c7
32.Kf2 b4
33.Bc3e5 Rc7c8
34.Bf3g4 f5
35.Bg4f3 Kf7
36.Bf3d1 Nc2a3
37.Bd1e2 Na3b5
38.g4 Ke6
39.Be5b2 Nb5c3
40.Be2f3 Nc3e4
41.Ke3 Ne4xc5
42.Bb2d4 Kd6
43.gxf5 gxf5
44.Bd4xc5 Kxc5
45.Kf4 Rc8f8
46.Bf3h1 Kd6
47.Bh1f3 c5
48.Bf3e2 Ke6
49.Be2c4 Kf6
50.Bc4d3 Kg6
51.Bd3c4 Rf8d8
{ resign }
0-1

[Event "Tourn. n8617"]
[Site "www.chess-mail.com"]
[Date "2016.04.17"]
[Round "1"]
[White "Starwind"]
[Black "Jose"]
[WhiteElo "2360"]
[BlackElo "2720"]
[Result "1/2-1/2"]
[Round "1"]
1.d4 Ng8f6
2.c4 e6
3.Ng1f3 b6
4.g3 Bc8a6
5.b3 d5
6.Bf1g2 Bf8b4
7.Bc1d2 Bb4e7
8.cxd5 exd5
9.O-O O-O
10.Nb1c3 Nb8d7
11.Nf3e5 Ba6b7
12.Bd2f4 Rf8e8
13.Ra1c1 Nd7f8
14.Bg2h3 c5
15.Nc3b5 a6
16.Ne5xf7 Kxf7
17.Bf4c7 axb5
18.Bc7xd8 Re8xd8
19.Rc1c2 Kg8
20.e3 Ra8a3
21.Rf1e1 b4
22.f3 Rd8a8
23.Qd1e2 Bb7a6
24.Qe2d1 Ra8d8
25.Bh3f1 Ba6b7
26.Qd1e2 Nf8e6
27.Qe2b5 Nf6d7
28.Bf1h3 Ne6c7
29.Qb5e2 Nd7f6
30.Bh3f5 Rd8e8
31.Re1c1 g6
32.Bf5d3 Nc7e6
33.f4 Be7f8
34.Qe2f3 Re8e7
35.f5 Ne6g5
36.Qf3f1 Nf6e4
37.g4 Bf8h6
38.h4 Ne4g3
39.Qf1g2 Ng5h3
40.Kh2 Re7xe3
41.g5 Bh6f8
42.Qg2xh3 Bf8d6
43.Kg2 Bb7c8
44.Rc1d1 c4
45.h5 Bc8xf5
46.Bd3xf5 Ng3xf5
47.Qh3h1 Nf5g3
48.Qh1h3 Ng3f5
{ draw }
1/2-1/2

[Event "Tourn. n8714"]
[Site "www.chess-mail.com"]
[Date "2016.04.17"]
[Round "1"]
[White "Maredocla"]
[Black "Prize64"]
[WhiteElo "2100"]
[BlackElo "2220"]
[Result "0-1"]
[Round "1"]
1.f4 e5
2.fxe5 d6
3.exd6 Bf8xd6
4.Ng1f3 g5
5.g3 g4
6.Nf3h4 Ng8e7
7.Bf1g2 Ne7g6
 { time }
0-1

[Event "Tourn. n8723"]
[Site "www.chess-mail.com"]
[Date "2016.04.17"]
[Round "1"]
[White "Bojan"]
[Black "Hundegana"]
[WhiteElo "1930"]
[BlackElo "1910"]
[Result "0-1"]
[Round "1"]
1.c4 c5
2.a3 e6
3.Ng1f3 Bf8d6
4.Nb1c3 a6
5.Nc3e4 Bd6e7
6.d4 cxd4
7.Nf3xd4 g6
8.b4 Qd8c7
9.e3 f5
10.Ne4d2 Be7f6
11.Bc1b2 e5
12.Nd4c2 Ng8e7
13.Qd1e2 b6
14.g3 Bc8b7
15.Rh1g1 O-O
16.g4 d5
17.Bf1h3 f4
18.g5 Bf6g7
19.Bh3e6 Kh8
20.cxd5 Nb8d7
21.Ra1c1 Qc7d8
22.Qe2f3 Nd7b8
23.e4 Nb8d7
24.h4 Nd7b8
25.h5 Bb7c8
26.Be6xc8 Ne7xc8
27.h6 Bg7f6
28.gxf6 Qd8xf6
29.Qf3g4 Nc8d6
30.Qg4f3 Nb8d7
31.Ke2 b5
32.Nc2e1 Ra8c8
33.Ne1d3 Nd6c4
34.Nd2xc4 bxc4
35.Nd3e1 Nd7b6
36.Qf3h3 Nb6a4
37.Bb2a1 Qf6b6
38.Ba1xe5 Kg8
39.Qh3d7 f3
40.Kd2 Qb6xf2
41.Kd1 Qf2e2
{ resign }
0-1

[Event "Tourn. n8679"]
[Site "www.chess-mail.com"]
[Date "2016.04.17"]
[Round "1"]
[White "Xkafi"]
[Black "Malbertan"]
[WhiteElo "1990"]
[BlackElo "2110"]
[Result "0-1"]
[Round "1"]
1.e4 e5
2.Qd1h5 Nb8c6
3.Bf1c4 g6
4.Qh5f3 Ng8f6
5.d3 Nc6d4
6.Qf3d1 Bf8g7
7.Bc1g5 O-O
8.c3 Nd4e6
9.Bg5h4 c6
10.Ng1f3 d5
11.exd5 cxd5
12.Bc4b3 Ne6f4
13.O-O Rf8e8
14.h3 Qd8d6
15.Nb1a3 Nf6h5
16.Rf1e1 Bc8xh3
17.gxh3 Nf4xh3
18.Kf1 e4
19.Na3b5 Qd6f4
20.dxe4 dxe4
21.Nb5d4 exf3
22.Re1xe8 Ra8xe8
23.Nd4xf3 g5
24.Bh4g3 Nh5xg3
25.fxg3 Qf4xg3
26.Bb3xf7 Kxf7
27.Qd1d5 Kf8
28.Qd5f5 Kg8
{ resign }
0-1

[Event "Tourn. n8576"]
[Site "www.chess-mail.com"]
[Date "2016.04.17"]
[Round "1"]
[White "Jpjohnston"]
[Black "Osopanda"]
[WhiteElo "2060"]
[BlackElo "1960"]
[Result "1/2-1/2"]
[Round "1"]
1.d4 Ng8f6
2.Bc1f4 d6
3.e3 Nb8c6
4.Nb1c3 e5
5.dxe5 dxe5
6.Qd1xd8 Kxd8
7.Bf4g5 Bf8e7
8.Bg5xf6 Be7xf6
9.Nc3b5 a6
10.Ra1d1 Bc8d7
11.Nb5c3 Nc6b4
12.Bf1d3 Nb4xd3
13.Rd1xd3 Kc8
14.e4 Rh8d8
15.Ng1f3 Bd7c6
16.O-O b5
17.Rf1d1 Rd8xd3
18.cxd3 Kb7
19.b4 Ra8d8
20.Nf3e1 Bf6e7
21.Ne1c2 Kb6
22.a3 Bc6b7
23.Nc2e3 Be7d6
24.Nc3d5 Kc6
25.Rd1c1 Kd7
26.g3 f6
27.Ne3f5 Bb7xd5
28.exd5 g6
29.Nf5e3 f5
30.Rc1c6 f4
31.Ne3g4 Rd8f8
32.Rc6xa6 h5
33.Ng4h6 fxg3
34.hxg3 Ke7
35.a4 bxa4
36.Ra6xa4 Rf8h8
37.Nh6g4 hxg4
38.b5 Rh8f8
39.Ra4xg4 Rf8b8
40.Rg4xg6 Rb8xb5
41.Rg6g5 Rb5xd5
42.f4 Rd5xd3
43.fxe5 Bd6c5
44.Kg2 Ke6
45.Rg5g7 Kxe5
46.Rg7xc7 Bc5d6
47.Rc7f7 Ke6
48.Rf7f3 Rd3xf3
49.Kxf3 Bd6xg3
50.Kxg3 { draw }
1/2-1/2

[Event "Tourn. n8631"]
[Site "www.chess-mail.com"]
[Date "2016.04.17"]
[Round "1"]
[White "Gearoidmac"]
[Black "Szustan"]
[WhiteElo "2299"]
[BlackElo "2700"]
[Result "0-1"]
[Round "1"]
1.e4 e5
2.Ng1f3 Nb8c6
3.Bf1b5 a6
4.Bb5a4 Ng8f6
5.Qd1e2 b5
6.Ba4b3 Bf8c5
7.c3 O-O
8.O-O d6
9.d3 a5
10.Nb1a3 Ra8b8
11.Bc1e3 Bc5xe3
12.fxe3 Nc6e7
13.d4 c6
14.Nf3g5 Ne7g6
15.Bb3c2 b4
16.Na3c4 Bc8a6
17.Bc2d3 h6
18.Ng5f3 Ba6xc4
19.Bd3xc4 bxc3
 { time }
0-1